000 01201npm a2200289 i 4500
001 5350
003 ES-MaACL
005 20250927063032.0
007 hzrazu bucu
008 900503r19901811sp b 00010 spa d
080 _a32(46)"18"(082.2)
100 1 _aGallardo, Bartolomé José,
_d1776-1852
_953478
245 1 0 _aApologia de los palos dados al Excmo Sr. D. Lorenzo Calvo por el Teniente Coronel D. Joaquin de Osma
_b: [Microforma] /
_cpublicala en obsequio a las armas y las letras el Licenciado Palomeque ; ultima edicion con notas del Dr. Encina.
260 _aMadrid :
_bAteneo Cientifico, Literario y Artistico,
_c1990.
300 _aEn microficha n. 2 :
_bnegativo.
490 1 _aMiscelánea patriótica
500 _aPublicado originalmente: Imp. de Manuel Santiago Quintana, 1811.
501 _aCon: otras obras formando un v. facticio: "Miscelanea patritotica"
650 1 4 _aObras de 1800.
_915662
700 1 _aEncina
_c, Dr.
_947174
700 1 _aCalvo, Lorenzo.
_933853
700 1 _aOsma, Joaquín de.
_987758
830 0 _aMiscelánea patriótica
_9176588
852 _aES-MaACL
_jMCF-42
_95467
_cDEPO1
942 _2udc
_cMICROFORMA
999 _c5350
_d5350